Learning Resource and Development

Job prospects of graduating Bachelor of Science in Office Administration students of Camarines Sur Polytechnic Colleges, Buhi Campus / (Record no. 26598)

MARC details
000 -LEADER
fixed length control field 00789nam a2200205 i 4500
003 - CONTROL NUMBER IDENTIFIER
control field CSPC
005 - DATE AND TIME OF LATEST TRANSACTION
control field 20231123133334.0
007 - PHYSICAL DESCRIPTION FIXED FIELD--GENERAL INFORMATION
fixed length control field ta
008 - FIXED-LENGTH DATA ELEMENTS--GENERAL INFORMATION
fixed length control field 231123s2021 ph a m 000 0beng
090 ## - LOCALLY ASSIGNED LC-TYPE CALL NUMBER (OCLC); LOCAL CALL NUMBER (RLIN)
Classification number (OCLC) (R) ; Classification number, CALL (RLIN) (NR) UTH BSOA G129j
100 ## - MAIN ENTRY--PERSONAL NAME
Personal name Gaite, Annabelle B.
Dates associated with a name author.
245 ## - TITLE STATEMENT
Title Job prospects of graduating Bachelor of Science in Office Administration students of Camarines Sur Polytechnic Colleges, Buhi Campus /
Statement of responsibility, etc. Annabelle B. Gaite.
264 ## - PRODUCTION, PUBLICATION, DISTRIBUTION, MANUFACTURE, AND COPYRIGHT NOTICE
Place of production, publication, distribution, manufacture Buhi, Camarines Sur :
Name of producer, publisher, distributor, manufacturer Camarines Sur Polytechnic Colleges,
Date of production, publication, distribution, manufacture, or copyright notice 2021.
300 ## - PHYSICAL DESCRIPTION
Extent 71 leaves :
502 ## - DISSERTATION NOTE
Dissertation note Undergraduate Theses (BSOA) Office Administration
Name of granting institution Camarines Sur Polytechnic Colleges
700 ## - ADDED ENTRY--PERSONAL NAME
Personal name Ibarbia, Vivien T.
Relator term author.
700 ## - ADDED ENTRY--PERSONAL NAME
Personal name San Antonio, Baby Lyca O.
Relator term author.
942 ## - ADDED ENTRY ELEMENTS (KOHA)
Source of classification or shelving scheme Dewey Decimal Classification
Suppress in OPAC No
Koha item type Unpublished Materials
Holdings
Withdrawn status Lost status Source of classification or shelving scheme Damaged status Not for loan Home library Current library Shelving location Date acquired Total Checkouts Full call number Barcode Date last seen Copy number Price effective from Koha item type
    Dewey Decimal Classification   Not For Loan CAMPUS CSPC CAMPUS CSPC Undergraduate Thesis Section 11/23/2023   UTH BSOA G129j 2021 00049UM-BUH 11/23/2023 1-1 11/23/2023 Unpublished Materials